Vůle přežít nelegální sklizeň pro ně znamená život
| Format: | Video DVD |
|---|---|
| Language: | Slovak |
| PhysicalDescription: | 1 videodisk (DVD) |
| Published: |
Bratislava
Intersonic
2010
|
| Subjects: |
MARC
| LEADER | 00000ngm a2200000 a 4500 | ||
|---|---|---|---|
| 001 | vtls010293678 | ||
| 003 | SK-MaSNL | ||
| 005 | 20260301031916.0 | ||
| 007 | vd uvuizu | ||
| 008 | 110721s2010 xo 000 vlslo | ||
| 040 | |a SNK |b slo |c SNK |e AACR2 | ||
| 041 | 0 | |a slo | |
| 044 | |a xo |c SK | ||
| 245 | 0 | 0 | |a Vůle přežít |h videozáznam |b nelegální sklizeň pro ně znamená život |
| 260 | |a Bratislava |b Intersonic |c 2010 | ||
| 300 | |a 1 videodisk (DVD) | ||
| 655 | 7 | |a DVD |2 SNKPH |9 70751 | |
| 999 | |c 577521 |d 579451 | ||
| 952 | |a SNK |b SNK |y PREZ |7 0 |p 17A0707950 |o snkSDVD 1326 |i snk2011/15817 |8 0 |0 0 |1 0 |4 0 |d 2011-07-21 |l 0 |r 2026-02-23 14:38:29 |w 2026-02-23 | ||
| 952 | |a SNK |b SNK |y PREZ |7 0 |p 17A0707951 |o snkSDVD 1326 D1 |i snk2011/15818 |8 0 |0 0 |1 0 |4 0 |d 2011-07-21 |l 0 |r 2026-02-23 14:38:29 |w 2026-02-23 | ||


